000 00538nam a2200181 4500
001 14144
005 20230410101949.0
008 060907n1986 dr spa
035 _9funglode14265
041 _aES
050 1 4 _a118 F 1938.58 P419p 1986
100 _aPeña Gómez, José Francisco
245 1 _aParticipación en la democracia /
_cJosé Francisco Peña Gómez
260 _aSanto Domingo :
_bEditora Corripio,
_c1986
300 _a2 v.
440 _aColección Pensamiento Politico, t. 14-15
942 _2lcc
_cbk
999 _c16522
_d16522